000
00324nam a2200121 a 4500
005
20140414131908.0
008
101006s19uu xx 00 eng d
050
_a
ER
_b
B54 2007
100
_a
Capucilli, Alyssa Satin
245
_a
Biscuit visits the big city.
260
_a
New York :
_b
Scholastic ,
_c
2007.
999
_c
111080
_d
111080